TOEIC test audio CD
Đã lưu trong:
| Hovedforfatter: | |
|---|---|
| Format: | Bog |
| Sprog: | Vietnamese |
| Udgivet: |
TP.HCM
Trẻ; Công ty Văn hóa sáng tạo Trí Việt
2013
|
| Udgivelse: | 4th edition |
| Serier: | Barron's Educational Series
|
| Fag: | |
| Tags: |
Tilføj Tag
Ingen Tags, Vær først til at tagge denne postø!
|
| Thư viện lưu trữ: | Trung tâm Học liệu Lê Vũ Hùng, Trường Đại học Đồng Tháp |
|---|
| LEADER | 01793amm a22002778a 4500 | ||
|---|---|---|---|
| 001 | 00032998 | ||
| 005 | 20171026081025.0 | ||
| 008 | 150202s2013 ||||||viesd | ||
| 041 | 0 | # | |a vie |
| 082 | |a 428 |b T400E | ||
| 100 | 1 | # | |a Lougheed, Lin |
| 245 | 1 | 0 | |h nguồn liệu điện tử] |a TOEIC test |b audio CD |c Lin Lougheed |
| 250 | # | # | |a 4th edition |
| 260 | # | # | |a TP.HCM |b Trẻ; Công ty Văn hóa sáng tạo Trí Việt |c 2013 |
| 300 | # | # | |a 3 CD |c 43/4 in. |e sách |
| 490 | # | # | |a Barron's Educational Series |
| 653 | # | # | |a Bài kiểm tra |
| 653 | # | # | |a TOEIC Test |
| 653 | # | # | |a Tiếng Anh |
| 653 | # | # | |a Đĩa CD |
| 852 | # | # | |b Kho đa phương tiện |j DPT.0003281, DPT.0003282, DPT.0003283, DPT.0003284, DPT.0003285, DPT.0003286, DPT.0003287, DPT.0003288, DPT.0003289, DPT.0003290, DPT.0003291, DPT.0003292, DPT.0003293, DPT.0003294, DPT.0003295, DPT.0003296, DPT.0003297, DPT.0003298, DPT.0003299, DPT.0003300, DPT.0003301, DPT.0003302, DPT.0003303, DPT.0003304, DPT.0003305, DPT.0003306, DPT.0003307, DPT.0003308, DPT.0003309, DPT.0003310, DPT.0003311, DPT.0003312, DPT.0003313, DPT.0003314, DPT.0003315, DPT.0003316 |
| 852 | # | # | |j DPT.0003281 |j DPT.0003285 |j DPT.0003286 |j DPT.0003288 |j DPT.0003289 |j DPT.0003291 |j DPT.0003294 |j DPT.0003296 |j DPT.0003297 |j DPT.0003299 |j DPT.0003300 |j DPT.0003304 |j DPT.0003305 |j DPT.0003307 |j DPT.0003308 |j DPT.0003310 |j DPT.0003313 |j DPT.0003315 |j DPT.0003316 |j DPT.0003282 |j DPT.0003283 |j DPT.0003287 |j DPT.0003290 |j DPT.0003295 |j DPT.0003298 |j DPT.0003301 |j DPT.0003302 |j DPT.0003306 |j DPT.0003309 |j DPT.0003314 |j DPT.0003284 |j DPT.0003292 |j DPT.0003293 |j DPT.0003303 |j DPT.0003311 |j DPT.0003312 |j DPT.0004654 |j DPT.0004655 |
| 910 | |d 02/02/2015 | ||
| 980 | # | # | |a Trung tâm Học liệu Lê Vũ Hùng, Trường Đại học Đồng Tháp |